[Event "DEM U10 2025"]
[Site "Willingen GER"]
[Date "2025.06.12"]
[Round "7"]
[White "Peterson, James"]
[Black "Hübner, Jakob"]
[Result "1-0"]
[Termination "normal"]
[Board "28"]
[WhiteElo "1338"]
[BlackElo "1314"]
[WhiteClock "00:36:18"]
[BlackClock "01:06:38"]
[PlyCount "41"]
[WhiteFideId "34692452"]
[BlackFideId "34684107"]
[EventCountry "GER"]
[EventRounds "9"]
[EventType "swiss"]
[EventDate "2025.06.07"]

1. d4 {[%clk 01:30:54]} {[%emt 00:00:05]} Nf6 {[%clk 01:30:55]} {[%emt
00:00:06]} 2. Nf3 {[%clk 01:31:04]} {[%emt 00:00:20]} e6 {[%emt 00:01:11]} 3.
c4 {[%clk 01:30:41]} d5 {[%clk 01:24:08]} {[%emt 00:07:28]} 4. Bg5 {[%clk
01:26:09]} {[%emt 00:05:01]} Be7 {[%clk 01:24:06]} {[%emt 00:00:33]} 5. Nc3
{[%clk 01:24:47]} {[%emt 00:01:52]} h6 {[%clk 01:24:13]} {[%emt 00:00:23]} 6.
Bh4 {[%clk 01:23:16]} {[%emt 00:01:59]} O-O {[%clk 01:24:04]} {[%emt 00:00:40]}
7. e3 {[%clk 01:23:26]} {[%emt 00:00:20]} c5 {[%clk 01:22:24]} {[%emt
00:02:09]} 8. Bd3 {[%clk 01:17:55]} {[%emt 00:06:00]} Nc6 {[%clk 01:20:47]}
{[%emt 00:02:08]} 9. O-O {[%clk 01:17:31]} {[%emt 00:00:54]} b6 {[%clk
01:17:58]} {[%emt 00:03:20]} 10. cxd5 {[%clk 00:55:46]} {[%emt 00:22:15]} Nxd5
{[%clk 01:15:04]} {[%emt 00:03:24]} 11. Bxe7 {[%clk 00:55:06]} {[%emt
00:01:10]} Ncxe7 {[%clk 01:14:39]} {[%emt 00:00:55]} 12. e4 {[%clk 00:52:53]}
{[%emt 00:02:44]} Nxc3 {[%clk 01:13:27]} {[%emt 00:01:42]} 13. bxc3 {[%clk
00:52:26]} {[%emt 00:00:56]} cxd4 {[%clk 01:13:10]} {[%emt 00:00:47]} 14. cxd4
{[%clk 00:52:04]} {[%emt 00:00:53]} Bb7 {[%clk 01:12:29]} {[%emt 00:01:11]} 15.
Re1 {[%clk 00:51:45]} {[%emt 00:00:48]} f5 {[%clk 01:11:04]} {[%emt 00:01:56]}
16. Qb3 {[%clk 00:48:09]} {[%emt 00:04:07]} Qd7 {[%clk 01:09:49]} {[%emt
00:01:44]} 17. Bc4 {[%clk 00:47:16]} {[%emt 00:01:23]} Bc8 {[%clk 01:08:03]}
{[%emt 00:02:16]} 18. exf5 {[%clk 00:46:46]} {[%emt 00:01:00]} Kh8 {[%clk
01:07:03]} {[%emt 00:01:30]} 19. fxe6 {[%clk 00:45:46]} {[%emt 00:01:29]} Qd6
{[%clk 01:06:38]} {[%emt 00:00:53]} 20. Rad1 {[%clk 00:41:12]} {[%emt
00:05:06]} Bb7 {[%emt 00:03:18]} 21. Ne5 {[%clk 00:36:18]} {[%emt 00:02:56]}
1-0

[Event "DEM U10 2025"]
[Site "Willingen GER"]
[Date "2025.06.13"]
[Round "8"]
[White "Ranganathan, Aadith"]
[Black "Schmidt, Jan"]
[Result "1-0"]
[Termination "normal"]
[Board "1"]
[WhiteElo "1824"]
[BlackElo "1732"]
[WhiteClock "01:02:48"]
[BlackClock "00:12:21"]
[PlyCount "79"]
[WhiteFideId "34667121"]
[BlackFideId "34625682"]
[EventCountry "GER"]
[EventRounds "9"]
[EventType "swiss"]
[EventDate "2025.06.07"]

1. e4 {[%clk 01:30:57]} {[%emt 00:00:03]} c6 {[%clk 01:30:44]} {[%emt
00:00:16]} 2. d4 {[%clk 01:31:21]} {[%emt 00:00:06]} d5 {[%clk 01:31:08]}
{[%emt 00:00:06]} 3. exd5 {[%clk 01:31:46]} {[%emt 00:00:06]} cxd5 {[%clk
01:31:28]} {[%emt 00:00:09]} 4. Bd3 {[%clk 01:32:10]} {[%emt 00:00:05]} Nf6
{[%clk 01:31:45]} {[%emt 00:00:13]} 5. h3 {[%clk 01:32:34]} {[%emt 00:00:07]}
Nc6 {[%clk 01:31:59]} {[%emt 00:00:16]} 6. c3 {[%clk 01:32:57]} {[%emt
00:00:08]} e5 {[%clk 01:32:01]} {[%emt 00:00:28]} 7. dxe5 {[%clk 01:33:18]}
{[%emt 00:00:09]} Nxe5 {[%clk 01:32:11]} {[%emt 00:00:20]} 8. Nf3 {[%clk
01:33:36]} {[%emt 00:00:11]} Nxd3+ {[%clk 01:31:40]} {[%emt 00:01:02]} 9. Qxd3
{[%clk 01:33:56]} {[%emt 00:00:10]} Bd6 {[%clk 01:26:13]} {[%emt 00:05:56]} 10.
O-O {[%clk 01:30:01]} {[%emt 00:04:25]} O-O {[%clk 01:25:43]} {[%emt 00:01:00]}
11. Bg5 {[%clk 01:28:31]} {[%emt 00:02:01]} h6 {[%clk 01:12:32]} {[%emt
00:13:41]} 12. Bh4 {[%clk 01:22:16]} {[%emt 00:06:44]} Bd7 {[%clk 00:52:05]}
{[%emt 00:20:58]} 13. Nbd2 {[%clk 01:18:03]} {[%emt 00:04:42]} a6 {[%clk
00:39:55]} {[%emt 00:12:40]} 14. Nd4 {[%clk 01:15:03]} {[%emt 00:03:31]} Re8
{[%clk 00:36:39]} {[%emt 00:03:46]} 15. Rfe1 {[%clk 01:12:17]} {[%emt
00:03:15]} Be7 {[%clk 00:32:43]} {[%emt 00:04:26]} 16. Re3 {[%clk 01:08:02]}
{[%emt 00:04:45]} Qb6 {[%clk 00:28:20]} {[%emt 00:04:53]} 17. Rae1 {[%clk
01:05:13]} {[%emt 00:03:19]} Bf8 {[%clk 00:27:54]} {[%emt 00:00:56]} 18. Nf5
{[%clk 01:03:52]} {[%emt 00:01:51]} Bb5 {[%clk 00:24:52]} {[%emt 00:03:32]} 19.
Qc2 {[%clk 01:02:19]} {[%emt 00:02:03]} Rxe3 {[%clk 00:24:39]} {[%emt
00:00:43]} 20. Rxe3 {[%clk 01:02:29]} {[%emt 00:00:20]} Bc5 {[%clk 00:22:29]}
{[%emt 00:02:41]} 21. Rf3 {[%clk 01:00:40]} {[%emt 00:02:19]} Be2 {[%clk
00:18:06]} {[%emt 00:04:53]} 22. Nxh6+ {[%clk 01:01:01]} {[%emt 00:00:08]} Kf8
{[%clk 00:17:12]} {[%emt 00:01:25]} 23. Rxf6 {[%clk 01:00:54]} {[%emt
00:00:37]} gxf6 {[%clk 00:11:20]} {[%emt 00:06:24]} 24. Qh7 {[%clk 01:01:15]}
{[%emt 00:00:09]} Ke7 {[%clk 00:10:59]} {[%emt 00:00:51]} 25. Qxf7+ {[%clk
01:01:37]} {[%emt 00:00:08]} Kd6 {[%clk 00:11:01]} {[%emt 00:00:27]} 26. Bg3+
{[%clk 01:01:49]} {[%emt 00:00:18]} Kc6 {[%clk 00:11:18]} {[%emt 00:00:14]} 27.
Qe6+ {[%clk 01:02:14]} {[%emt 00:00:05]} Kb5 {[%clk 00:11:16]} {[%emt
00:00:32]} 28. Qxe2+ {[%clk 01:02:37]} {[%emt 00:00:06]} Kc6 {[%clk 00:11:21]}
{[%emt 00:00:25]} 29. Qe6+ {[%clk 01:02:21]} {[%emt 00:00:47]} Kb5 {[%clk
00:11:48]} {[%emt 00:00:03]} 30. c4+ {[%clk 01:02:17]} {[%emt 00:00:33]} dxc4
{[%clk 00:11:38]} {[%emt 00:00:39]} 31. Qxc4+ {[%clk 01:02:40]} {[%emt
00:00:09]} Kc6 {[%clk 00:11:56]} {[%emt 00:00:12]} 32. Qe6+ {[%clk 01:02:58]}
{[%emt 00:00:11]} Kb5 {[%clk 00:12:19]} {[%emt 00:00:08]} 33. a4+ {[%clk
01:03:22]} {[%emt 00:00:06]} Kxa4 {[%clk 00:12:14]} {[%emt 00:00:35]} 34. b3+
{[%clk 01:03:43]} {[%emt 00:00:09]} Kb5 {[%clk 00:12:35]} {[%emt 00:00:08]} 35.
Qe2+ {[%clk 01:02:32]} {[%emt 00:01:42]} Kc6 {[%clk 00:12:43]} {[%emt
00:00:21]} 36. Nc4 {[%clk 01:02:39]} {[%emt 00:00:23]} Qd8 {[%clk 00:12:24]}
{[%emt 00:00:50]} 37. Qe4+ {[%clk 01:01:58]} {[%emt 00:01:11]} Kb5 {[%clk
00:11:41]} {[%emt 00:01:13]} 38. Qxb7+ {[%clk 01:02:18]} {[%emt 00:00:10]} Bb6
{[%clk 00:12:01]} {[%emt 00:00:10]} 39. Nxb6 {[%clk 01:02:31]} {[%emt
00:00:17]} Qxb6 {[%clk 00:12:21]} {[%emt 00:00:09]} 40. Qxa8 {[%clk 01:02:48]}
{[%emt 00:00:14]} 1-0

[Event "DEM U10 2025"]
[Site "Willingen GER"]
[Date "2025.06.13"]
[Round "8"]
[White "Müller, Konstantin"]
[Black "Alloussi, Arian"]
[Result "0-1"]
[Termination "normal"]
[Board "2"]
[WhiteElo "1998"]
[BlackElo "1851"]
[WhiteClock "00:34:56"]
[BlackClock "00:29:47"]
[PlyCount "52"]
[WhiteFideId "34661778"]
[BlackFideId "34637788"]
[EventCountry "GER"]
[EventRounds "9"]
[EventType "swiss"]
[EventDate "2025.06.07"]

1. c4 {[%clk 01:30:58]} {[%emt 00:00:01]} e6 {[%clk 01:30:52]} {[%emt
00:00:09]} 2. g3 {[%clk 01:31:24]} {[%emt 00:00:03]} d5 {[%clk 01:31:03]}
{[%emt 00:00:19]} 3. Nf3 {[%clk 01:31:40]} {[%emt 00:00:14]} Nf6 {[%clk
01:30:44]} {[%emt 00:00:49]} 4. Bg2 {[%clk 01:32:00]} {[%emt 00:00:10]} c5
{[%clk 01:30:26]} {[%emt 00:00:48]} 5. cxd5 {[%clk 01:32:21]} {[%emt 00:00:09]}
exd5 {[%clk 01:30:19]} {[%emt 00:00:38]} 6. d4 {[%clk 01:32:43]} {[%emt
00:00:08]} Nc6 {[%clk 01:29:10]} {[%emt 00:01:38]} 7. O-O {[%clk 01:32:45]}
{[%emt 00:00:28]} Be6 {[%clk 01:28:03]} {[%emt 00:01:37]} 8. Nc3 {[%clk
01:32:35]} {[%emt 00:00:40]} Be7 {[%clk 01:26:28]} {[%emt 00:02:05]} 9. Bf4
{[%clk 01:23:20]} {[%emt 00:09:45]} O-O {[%clk 01:23:31]} {[%emt 00:03:26]} 10.
Rc1 {[%clk 01:22:42]} {[%emt 00:01:10]} Rc8 {[%clk 01:16:47]} {[%emt 00:07:14]}
11. Kh1 {[%clk 01:13:30]} {[%emt 00:09:42]} b6 {[%clk 01:07:54]} {[%emt
00:09:22]} 12. Qa4 {[%clk 01:12:40]} {[%emt 00:01:20]} Ne4 {[%clk 00:57:36]}
{[%emt 00:10:48]} 13. Be3 {[%clk 01:06:16]} {[%emt 00:06:54]} Nxc3 {[%clk
00:52:24]} {[%emt 00:05:42]} 14. Rxc3 {[%clk 00:58:44]} {[%emt 00:08:03]} c4
{[%clk 00:47:08]} {[%emt 00:05:45]} 15. Ne5 {[%clk 00:49:21]} {[%emt 00:09:53]}
Nxe5 {[%clk 00:43:56]} {[%emt 00:03:42]} 16. dxe5 {[%clk 00:49:42]} {[%emt
00:00:10]} d4 {[%clk 00:41:16]} {[%emt 00:03:09]} 17. Bxd4 {[%emt 00:07:34]}
Qxd4 {[%clk 00:40:42]} {[%emt 00:00:59]} 18. f4 {[%clk 00:41:12]} {[%emt
00:02:01]} Bd5 {[%clk 00:38:03]} {[%emt 00:03:09]} 19. Bxd5 {[%clk 00:36:26]}
{[%emt 00:05:16]} Qxd5+ {[%clk 00:37:54]} {[%emt 00:00:40]} 20. Rcf3 {[%clk
00:36:39]} {[%emt 00:00:17]} c3 {[%clk 00:34:55]} {[%emt 00:03:31]} 21. bxc3
{[%clk 00:36:18]} {[%emt 00:00:50]} Rxc3 {[%clk 00:32:38]} {[%emt 00:02:46]}
22. Qxa7 {[%clk 00:36:00]} {[%emt 00:00:49]} Rxf3 {[%clk 00:31:55]} {[%emt
00:01:13]} 23. exf3 {[%clk 00:35:39]} {[%emt 00:00:51]} Qd3 {[%clk 00:31:39]}
{[%emt 00:00:46]} 24. Rg1 {[%clk 00:34:51]} {[%emt 00:01:18]} Bc5 {[%clk
00:29:49]} {[%emt 00:02:20]} 25. Kg2 {[%clk 00:34:46]} {[%emt 00:00:34]} Qe2+
{[%clk 00:29:41]} {[%emt 00:00:39]} 26. Kh3 {[%clk 00:34:56]} {[%emt 00:00:20]}
Bxg1 {[%clk 00:29:47]} {[%emt 00:00:24]} 0-1

[Event "DEM U10 2025"]
[Site "Willingen GER"]
[Date "2025.06.13"]
[Round "8"]
[White "Wolf, Adam"]
[Black "Kutlar, Aras"]
[Result "1-0"]
[Termination "normal"]
[Board "3"]
[WhiteElo "1656"]
[BlackElo "1835"]
[WhiteClock "01:29:16"]
[BlackClock "01:26:13"]
[PlyCount "85"]
[WhiteFideId "34623426"]
[BlackFideId "51682117"]
[EventCountry "GER"]
[EventRounds "9"]
[EventType "swiss"]
[EventDate "2025.06.07"]

1. e4 {[%clk 01:30:58]} {[%emt 00:00:02]} c5 {[%clk 01:30:41]} {[%emt
00:00:19]} 2. Nf3 {[%clk 01:31:23]} {[%emt 00:00:05]} g6 {[%clk 01:31:05]}
{[%emt 00:00:07]} 3. c3 {[%clk 01:31:49]} {[%emt 00:00:04]} d5 {[%clk
01:31:23]} {[%emt 00:00:11]} 4. e5 {[%clk 01:32:06]} {[%emt 00:00:14]} Nc6
{[%clk 01:31:24]} {[%emt 00:00:29]} 5. d4 {[%clk 01:32:26]} {[%emt 00:00:10]}
cxd4 {[%clk 01:30:56]} {[%emt 00:00:58]} 6. cxd4 {[%clk 01:32:52]} {[%emt
00:00:04]} Bg7 {[%clk 01:31:06]} {[%emt 00:00:20]} 7. Bb5 {[%clk 01:32:53]}
{[%emt 00:00:28]} Nh6 {[%clk 01:31:05]} {[%emt 00:00:30]} 8. Bxc6+ {[%clk
01:32:43]} {[%emt 00:00:42]} bxc6 {[%clk 01:31:26]} {[%emt 00:00:10]} 9. Bxh6
{[%clk 01:33:03]} {[%emt 00:00:09]} Bxh6 {[%clk 01:31:44]} {[%emt 00:00:11]}
10. O-O {[%clk 01:33:22]} {[%emt 00:00:11]} O-O {[%clk 01:31:57]} {[%emt
00:00:16]} 11. Nbd2 {[%clk 01:33:34]} {[%emt 00:00:19]} a5 {[%clk 01:31:57]}
{[%emt 00:00:30]} 12. Nb3 {[%clk 01:32:43]} {[%emt 00:01:21]} Rb8 {[%clk
01:31:51]} {[%emt 00:00:36]} 13. Qc2 {[%clk 01:30:27]} {[%emt 00:02:47]} Qb6
{[%clk 01:29:52]} {[%emt 00:02:28]} 14. Rfe1 {[%clk 01:28:34]} {[%emt
00:02:23]} Bg4 {[%clk 01:29:05]} {[%emt 00:01:18]} 15. Qc3 {[%clk 01:28:00]}
{[%emt 00:01:03]} a4 {[%clk 01:28:11]} {[%emt 00:01:24]} 16. Nc5 {[%clk
01:27:13]} {[%emt 00:01:17]} Qxb2 {[%clk 01:28:00]} {[%emt 00:00:41]} 17. Qxb2
{[%clk 01:27:37]} {[%emt 00:00:06]} Rxb2 {[%clk 01:28:24]} {[%emt 00:00:07]}
18. Nxa4 {[%clk 01:27:54]} {[%emt 00:00:13]} Rb4 {[%clk 01:28:38]} {[%emt
00:00:16]} 19. Nc3 {[%clk 01:26:52]} {[%emt 00:01:32]} Bxf3 {[%clk 01:28:54]}
{[%emt 00:00:14]} 20. gxf3 {[%clk 01:27:14]} {[%emt 00:00:08]} Bd2 {[%clk
01:29:13]} {[%emt 00:00:10]} 21. Nxd5 {[%clk 01:26:19]} {[%emt 00:01:25]} cxd5
{[%clk 01:29:12]} {[%emt 00:00:32]} 22. Re2 {[%clk 01:26:28]} {[%emt 00:00:21]}
Rxd4 {[%clk 01:29:22]} {[%emt 00:00:20]} 23. Rd1 {[%clk 01:26:49]} {[%emt
00:00:09]} Bc3 {[%clk 01:29:44]} {[%emt 00:00:07]} 24. Rxd4 {[%clk 01:27:15]}
{[%emt 00:00:05]} Bxd4 {[%clk 01:30:08]} {[%emt 00:00:06]} 25. Rd2 {[%clk
01:27:37]} {[%emt 00:00:08]} Bxe5 {[%clk 01:30:29]} {[%emt 00:00:08]} 26. Rxd5
{[%clk 01:28:04]} {[%emt 00:00:03]} Bd6 {[%clk 01:30:38]} {[%emt 00:00:21]} 27.
a4 {[%clk 01:28:20]} {[%emt 00:00:15]} Ra8 {[%clk 01:31:02]} {[%emt 00:00:05]}
28. Rd4 {[%clk 01:28:35]} {[%emt 00:00:15]} Kf8 {[%clk 01:31:27]} {[%emt
00:00:05]} 29. h3 {[%clk 01:28:52]} {[%emt 00:00:14]} Ke8 {[%clk 01:31:50]}
{[%emt 00:00:07]} 30. Kf1 {[%clk 01:29:18]} {[%emt 00:00:04]} Kd7 {[%clk
01:32:07]} {[%emt 00:00:12]} 31. Ke2 {[%clk 01:29:28]} {[%emt 00:00:20]} Ra5
{[%clk 01:32:27]} {[%emt 00:00:11]} 32. Kd3 {[%clk 01:29:45]} {[%emt 00:00:13]}
Kc6 {[%clk 01:32:41]} {[%emt 00:00:15]} 33. Rc4+ {[%clk 01:29:49]} {[%emt
00:00:27]} Rc5 {[%clk 01:33:03]} {[%emt 00:00:07]} 34. Rh4 {[%clk 01:30:12]}
{[%emt 00:00:06]} Rd5+ {[%clk 01:32:57]} {[%emt 00:00:37]} 35. Ke3 {[%clk
01:30:04]} {[%emt 00:00:38]} Bc5+ {[%clk 01:33:03]} {[%emt 00:00:24]} 36. Ke2
{[%clk 01:30:21]} {[%emt 00:00:14]} Rh5 {[%clk 01:33:27]} {[%emt 00:00:06]} 37.
Rf4 {[%clk 01:30:40]} {[%emt 00:00:10]} f5 {[%clk 01:33:37]} {[%emt 00:00:20]}
38. h4 {[%clk 01:31:02]} {[%emt 00:00:08]} Kd5 {[%clk 01:33:47]} {[%emt
00:00:21]} 39. a5 {[%clk 01:31:18]} {[%emt 00:00:14]} Bd4 {[%clk 01:33:53]}
{[%emt 00:00:24]} 40. a6 {[%clk 01:31:37]} {[%emt 00:00:11]} e5 {[%clk
01:34:18]} {[%emt 00:00:05]} 41. Rxd4+ {[%clk 01:31:57]} {[%emt 00:00:10]} Kc6
{[%clk 01:26:34]} {[%emt 00:08:14]} 42. Rb4 {[%clk 01:30:38]} {[%emt 00:01:49]}
Kc5 {[%clk 01:26:13]} {[%emt 00:00:50]} 43. Ra4 {[%clk 01:29:16]} {[%emt
00:01:53]} 1-0

[Event "DEM U10 2025"]
[Site "Willingen GER"]
[Date "2025.06.13"]
[Round "8"]
[White "Vlad, Mark"]
[Black "Tomovski, Leon"]
[Result "0-1"]
[Termination "normal"]
[Board "4"]
[WhiteElo "1686"]
[BlackElo "1540"]
[WhiteClock "00:31:42"]
[BlackClock "01:17:32"]
[PlyCount "105"]
[WhiteFideId "34663258"]
[BlackFideId "34691790"]
[EventCountry "GER"]
[EventRounds "9"]
[EventType "swiss"]
[EventDate "2025.06.07"]

1. e4 {[%clk 01:30:56]} {[%emt 00:00:03]} e6 {[%clk 01:30:05]} {[%emt
00:00:55]} 2. Nc3 {[%clk 01:31:20]} {[%emt 00:00:06]} d5 {[%clk 01:29:02]}
{[%emt 00:01:34]} 3. Nf3 {[%clk 01:31:45]} {[%emt 00:00:06]} Nf6 {[%clk
01:28:35]} {[%emt 00:00:56]} 4. e5 {[%clk 01:29:15]} {[%emt 00:03:00]} Nfd7
{[%clk 01:27:07]} {[%emt 00:01:59]} 5. Be2 {[%clk 01:27:50]} {[%emt 00:01:54]}
c5 {[%clk 01:20:25]} {[%emt 00:07:12]} 6. d3 {[%clk 01:24:45]} {[%emt
00:03:35]} Nc6 {[%clk 01:15:56]} {[%emt 00:04:59]} 7. Bf4 {[%clk 01:22:35]}
{[%emt 00:02:40]} Qc7 {[%clk 01:15:50]} {[%emt 00:00:37]} 8. Nb5 {[%clk
01:20:55]} {[%emt 00:02:06]} Qa5+ {[%clk 01:14:25]} {[%emt 00:01:59]} 9. Nc3
{[%clk 01:18:06]} {[%emt 00:03:19]} d4 {[%clk 01:14:44]} {[%emt 00:00:11]} 10.
Qd2 {[%clk 01:16:28]} {[%emt 00:02:07]} dxc3 {[%clk 01:12:18]} {[%emt
00:02:57]} 11. bxc3 {[%clk 01:16:47]} {[%emt 00:00:11]} Be7 {[%clk 01:11:50]}
{[%emt 00:00:57]} 12. O-O {[%clk 01:13:37]} {[%emt 00:03:41]} O-O {[%clk
01:11:00]} {[%emt 00:01:19]} 13. Kh1 {[%clk 01:11:13]} {[%emt 00:02:54]} c4
{[%clk 01:11:04]} {[%emt 00:00:27]} 14. d4 {[%clk 01:08:03]} {[%emt 00:03:40]}
b5 {[%clk 01:10:31]} {[%emt 00:01:03]} 15. d5 {[%clk 00:57:22]} {[%emt
00:11:12]} exd5 {[%clk 01:05:03]} {[%emt 00:05:57]} 16. Qxd5 {[%clk 00:57:08]}
{[%emt 00:00:44]} Qa6 {[%clk 01:04:17]} {[%emt 00:01:17]} 17. a4 {[%clk
00:55:21]} {[%emt 00:02:17]} bxa4 {[%clk 00:59:52]} {[%emt 00:04:54]} 18. Bxc4
{[%clk 00:55:30]} {[%emt 00:00:22]} Qb7 {[%clk 01:00:15]} {[%emt 00:00:07]} 19.
Rfb1 {[%clk 00:55:21]} {[%emt 00:00:39]} Nb6 {[%clk 01:00:00]} {[%emt
00:00:44]} 20. Qe4 {[%clk 00:49:56]} {[%emt 00:05:54]} Na5 {[%clk 00:59:36]}
{[%emt 00:00:55]} 21. Bd3 {[%clk 00:41:33]} {[%emt 00:08:53]} Qxe4 {[%clk
00:58:40]} {[%emt 00:01:26]} 22. Bxe4 {[%clk 00:40:37]} {[%emt 00:01:26]} Bb7
{[%clk 00:58:53]} {[%emt 00:00:18]} 23. Bxb7 {[%clk 00:40:26]} {[%emt
00:00:41]} Nxb7 {[%clk 00:59:17]} {[%emt 00:00:06]} 24. Nd4 {[%clk 00:38:08]}
{[%emt 00:02:48]} Rfc8 {[%clk 00:54:30]} {[%emt 00:05:17]} 25. Nb5 {[%clk
00:35:07]} {[%emt 00:03:30]} Nc5 {[%clk 00:51:51]} {[%emt 00:03:09]} 26. Nd6
{[%clk 00:30:07]} {[%emt 00:05:31]} Rc6 {[%clk 00:51:02]} {[%emt 00:01:19]} 27.
Nf5 {[%clk 00:27:53]} {[%emt 00:02:46]} Bf8 {[%clk 00:51:21]} {[%emt 00:00:11]}
28. Nd4 {[%clk 00:27:18]} {[%emt 00:01:04]} Rcc8 {[%clk 00:51:36]} {[%emt
00:00:16]} 29. Re1 {[%clk 00:23:47]} {[%emt 00:03:58]} Nd5 {[%clk 00:51:08]}
{[%emt 00:01:01]} 30. Bd2 {[%clk 00:22:09]} {[%emt 00:02:06]} Ne6 {[%clk
00:51:08]} {[%emt 00:00:32]} 31. Nxe6 {[%clk 00:19:58]} {[%emt 00:02:41]} fxe6
{[%clk 00:51:04]} {[%emt 00:00:35]} 32. Rxa4 {[%clk 00:18:16]} {[%emt
00:02:12]} Nxc3 {[%clk 00:51:07]} {[%emt 00:00:27]} 33. Ra6 {[%clk 00:18:00]}
{[%emt 00:07:51]} Nd5 {[%clk 00:49:28]} {[%emt 00:02:08]} 34. Rxe6 {[%clk
00:12:42]} {[%emt 00:05:49]} Rxc2 {[%clk 00:49:35]} {[%emt 00:00:23]} 35. Bg5
{[%clk 00:11:53]} {[%emt 00:01:15]} h6 {[%clk 00:49:55]} {[%emt 00:00:14]} 36.
Bh4 {[%clk 00:11:10]} {[%emt 00:01:13]} Nf4 {[%clk 00:50:02]} {[%emt 00:00:22]}
37. Ra6 {[%clk 00:10:11]} {[%emt 00:01:28]} Nd3 {[%clk 00:50:20]} {[%emt
00:00:13]} 38. Rea1 {[%clk 00:07:42]} {[%emt 00:02:55]} Nxe5 {[%clk 00:49:55]}
{[%emt 00:01:00]} 39. h3 {[%clk 00:07:21]} {[%emt 00:00:50]} Bc5 {[%clk
00:48:38]} {[%emt 00:01:47]} 40. R1a5 {[%clk 00:06:43]} {[%emt 00:01:08]} Nd3
{[%clk 00:47:52]} {[%emt 00:01:15]} 41. Rc6 {[%clk 00:03:54]} {[%emt 00:03:19]}
Rb8 {[%clk 00:45:39]} {[%emt 00:02:44]} 42. Rxa7 {[%clk 00:01:33]} {[%emt
00:02:52]} Rc1+ {[%clk 00:45:50]} {[%emt 00:00:18]} 43. Kh2 {[%clk 00:01:02]}
{[%emt 00:01:01]} Bxa7 {[%clk 00:46:15]} {[%emt 00:00:06]} 44. Rd6 {[%clk
00:30:04]} {[%emt 00:01:28]} Rb3 {[%clk 01:16:21]} {[%emt 00:00:23]} 45. Rd8+
{[%clk 00:30:10]} {[%emt 00:00:24]} Kh7 {[%clk 01:16:42]} {[%emt 00:00:09]} 46.
Rd7 {[%clk 00:30:29]} {[%emt 00:00:10]} Bb8+ {[%clk 01:16:56]} {[%emt
00:00:17]} 47. g3 {[%clk 00:30:50]} {[%emt 00:00:10]} Rb2 {[%clk 01:16:54]}
{[%emt 00:00:32]} 48. Rf7 {[%clk 00:30:48]} {[%emt 00:00:31]} Nxf2 {[%clk
01:17:17]} {[%emt 00:00:07]} 49. Kg2 {[%clk 00:30:58]} {[%emt 00:00:20]} Nd3+
{[%clk 01:17:23]} {[%emt 00:00:25]} 50. Kf3 {[%clk 00:31:06]} {[%emt 00:00:22]}
Rf1+ {[%clk 01:17:46]} {[%emt 00:00:07]} 51. Kg4 {[%clk 00:31:26]} {[%emt
00:00:10]} Ne5+ {[%clk 01:17:32]} {[%emt 00:00:43]} 52. Kh5 {[%clk 00:31:42]}
{[%emt 00:00:15]} Rxf7 {[%emt 00:00:37]} 53. Bg5 {[%emt 00:00:12]} 0-1